Οι σταθμοί της αγωγής : (γενετική αγωγή)
Αποθηκεύτηκε σε:
| Κύριος συγγραφέας: | |
|---|---|
| Άλλοι συγγραφείς: | |
| Μορφή: | Βιβλίο |
| Γλώσσα: | Greek French |
| Δημοσίευση: |
Αθήναι :
Χριστιανική Ένωση Εκπαιδευτικών Λειτουργών,
1957.
|
| Θέματα: | |
| Ετικέτες: |
Προσθήκη ετικέτας
Δεν υπάρχουν, Καταχωρήστε ετικέτα πρώτοι!
|
MARC
| LEADER | 00000cam a2200000 i 4500 | ||
|---|---|---|---|
| 001 | 1/98876 | ||
| 008 | 081205s1957 gr | ||| |||| ||gre|| | ||
| 035 | |l 10102249 | ||
| 040 | |a GR-MY-UA |b gre |e aacr | ||
| 041 | 1 | |a gre |h fre | |
| 082 | 7 | |a 370.15 |2 (22) | |
| 100 | 1 | |a Debesse, Maurice. | |
| 245 | 1 | 3 | |a Οι σταθμοί της αγωγής : |b (γενετική αγωγή) / |c Maurice Debesse ; πρόλογος και μετάφραση: Λεωνίδου Χρ. Κούλα. |
| 260 | |a Αθήναι : |b Χριστιανική Ένωση Εκπαιδευτικών Λειτουργών, |c 1957. | ||
| 300 | |a 154 σ. ; |c 22 εκ. | ||
| 500 | |a Τίτλος πρωτοτύπου: Les etapes de l' education | ||
| 650 | 0 | 0 | |a Education. |
| 650 | 0 | 0 | |a School psychology. |
| 650 | 0 | 0 | |a Educational psychology. |
| 650 | 0 | 0 | |a Psychoanalysis and education. |
| 700 | 1 | |a Κούλας, Λεωνίδας Χ. |e aui |e trl | |
| 852 | |a INST |b RHODES |c AKA |e 20081205 |h 370.15 DEB |p 005400031526 |q 005400031526 |t BK |y 0 | ||
| 901 | |a BIBL4-2008-3 | ||
| 909 | |a Ρ |b 156596 | ||
| 970 | |a ΚΟΖΑ |b ΜΑΡΙΑ |z 2008/12/05 | ||